Efekt odrazu a jeho dôsledky na marketingové rozhodovanie

Efekt odrazu a jeho prejavy. Kvantifikácia efektu odrazu. Efekt odrazu v realizovanom prieskume.

Salvato in:
Dettagli Bibliografici
Autore principale: Strhan, Rastislav, 1968-
Natura: Capitolo di libro
Lingua:slovacco
Soggetti:
Tags: Aggiungi Tag
Nessun Tag, puoi essere il primo ad aggiungerne!!

MARC

LEADER 00000naa a2200000 4500
001 0234713
005 20240502073814.9
041 0 |a slo 
044 |a SK 
245 1 0 |a Efekt odrazu a jeho dôsledky na marketingové rozhodovanie  |c Rastislav Strhan 
520 |a Efekt odrazu a jeho prejavy. Kvantifikácia efektu odrazu. Efekt odrazu v realizovanom prieskume. 
610 2 0 |a trh 
610 2 0 |a efektívnosť ekonomická 
610 2 0 |a ochrana prostredia životného 
610 2 0 |a politika environmentálna 
610 2 0 |a prieskum 
610 2 0 |a dotazníky 
100 1 |a Strhan, Rastislav, 1968-